000 00589nam a2200229Ia 4500
003 OSt
005 20220923230125.0
006 a|||||r|||| 00| 0
007 ta
008 Pun
024 _a277,571
037 _cTextual
040 _aARTS
_cARTS
_bPun
041 _2Pun
_aPun
082 _aO153,3NAR1,PY, K7
100 _aਸਿੰਘ, ਗੁਰਚਰਨ
_9156291
245 0 _aਪਿਆਮ
260 _c1967
650 _aਪੰਜਾਬੀ ਸਾਹਿਤ
942 _hO153,3NAR1,PY, K7
_cTEXL
_2CC
999 _c382623
_d382623